Wait For Me - Hadestown - Statistics

General Stats
  • This quiz has been taken 143 times
  • The average score is 232 of 309
Answer Stats
Role Lyric % Correct
you
100%
you?
100%
the
98%
The
98%
I
97%
to
97%
a
96%
for
94%
me,
94%
me
94%
Orpheus Wait
94%
Wait,
94%
wait
94%
coming
93%
coming,
93%
do
93%
I'm
93%
have
88%
no
88%
| Fates Who
88%
with
88%
Hadestown
87%
and
86%
And
86%
on
86%
way
86%
are
84%
are?
84%
get
84%
of
84%
Hermes How
83%
too
83%
down
82%
be
81%
take
81%
long
80%
think
80%
hear
79%
your
79%
walk
78%
Orpheus La-la-la-la-la-la-la
77%
Where
76%
It
74%
my
74%
alone?
73%
alone
73%
one
73%
Walls
73%
walls
73%
don't
71%
Don't
71%
in
71%
not
71%
repeating
71%
that
71%
That
71%
feet
69%
got
69%
out
69%
Just
68%
under
68%
am
67%
like
67%
all
66%
drumming
66%
look
66%
sounds
66%
track
66%
back
64%
cover
64%
is
64%
railroad
64%
ever
63%
night
63%
song
63%
Why
63%
Ain't
62%
ain't
62%
going?
62%
rocks
62%
stones
62%
Through
62%
Echoing
61%
road
61%
wire,
61%
wire
61%
before?
60%
sight
60%
can
59%
name,
59%
walked
59%
falling
58%
lay
58%
'Til
58%
'em
57%
eye
57%
low,
57%
telephone
57%
You'll
57%
If
56%
if
56%
Hermes You're
56%
you're
56%
brother,
54%
dogs
54%
map
54%
They'll
54%
they'll
54%
give
53%
glad
53%
own
53%
walking,
53%
Keep
52%
suck
52%
two
52%
will
52%
run
51%
staying
51%
compass,
50%
dry
49%
legs
49%
bread
48%
bones,
47%
breath
46%
But
46%
high
46%
mouth
46%
Hermes River
46%
try
46%
stuff
44%
Styx
44%
underground,
44%
heart
43%
right
43%
best
42%
brain,
42%
chest
42%
dead
42%
Laying
42%
play
42%
Hound
41%
Sunday
41%
Those
41%
up
41%
cotton
40%
round
40%
wide
40%
bottomland
39%
bricks
39%
(Hermes) Cinder
39%
town
38%
concrete
37%
iron
36%
razor
36%
gate
33%
lam,
32%
howling
31%
truss
17%
pluck
16%
No matching quizzes found
Score Distribution
Percent of People with Each Score
Percentile by Number Answered
Your Score History
You have not taken this quiz